Zdobywcy piłkarza roku FIFA - Statystyki

Ogólne statystyki
  • Ten quiz został rozwiązany 3 110 razy
    346 od ostatniego zresetowania
  • Średni wynik to 23 z 24
Statystyki odpowiedzi
Miejsce Zawodnik Narodowość Klub % Poprawnych
2017 Cristiano Ronaldo Portugalia Real Madryt
100%
2016 Cristiano Ronaldo Portugalia Real Madryt
100%
2014 Cristiano Ronaldo Portugalia Real Madryt
100%
2013 Cristiano Ronaldo Portugalia Real Madryt
100%
2008 Cristiano Ronaldo Portugalia Manchester United
100%
2023 Lionel Messi Argentyna Inter Miami
100%
2022 Lionel Messi Argentyna PSG
100%
2019 Lionel Messi Argentyna FC Barcelona
100%
2015 Lionel Messi Argentyna FC Barcelona
100%
2012 Lionel Messi Argentyna FC Barcelona
100%
2011 Lionel Messi Argentyna FC Barcelona
100%
2010 Lionel Messi Argentyna FC Barcelona
100%
2009 Lionel Messi Argentyna FC Barcelona
100%
2002 Ronaldo Brazylia Real Madryt
100%
2021 Robert Lewandowski Polska Bayern Monachium
99%
2020 Robert Lewandowski Polska Bayern Monachium
99%
2018 Luka Modrić Chorwacja Real Madryt
96%
2024 Vinícius Júnior Brazylia Real Madryt
95%
2005 Ronaldinho Brazylia FC Barcelona
87%
2004 Ronaldinho Brazylia FC Barcelona
87%
2003 Zinédine Zidane Francja Real Madryt
83%
2007 Kaka Brazylia AC Milan
81%
2001 Luís Figo Portugalia Real Madryt
80%
2006 Fabio Cannavaro Włochy Juventus
52%
Nie znaleziono quizów pasujących do podanych kryteriów
Rozkład punktacji
Procent ludzi z każdym wynikiem
Percentyl według liczby udzielonych odpowiedzi
Twoja historia wyników
Nie rozwiązałeś tego quizu od ostatniego zresetowania